000 01321cam a2200325 a 4500
005 20260322212021.0
008 data
010 _a 2006036366
020 _a9781591841661 (alk. paper)
020 _a1591841666 (alk. paper)
040 _aDLC
_cDLC
_dDLC
050 0 0 _aBF637.S4
_bG63 2007
082 0 0 _a158.1
_222
092 _a158.1 G63 2007
100 1 _aGodin, Seth.
245 1 4 _aThe dip :
_ba little book that teaches you when to quit (and when to stick) /
_cSeth Godin.
260 _aNew York :
_bPortfolio,
_c2007.
300 _a80 p. :
_bill. ;
_c19 cm.
504 _aIncludes bibliographical references and index.
650 0 _aSelf-actualization (Psychology)
650 0 _aSuccess.
650 0 _aSuccess in business.
650 0 _aPersistence.
856 4 2 _3Publisher description
_uhttp://www.loc.gov/catdir/enhancements/fy0742/2006036366-d.html
856 4 2 _3Contributor biographical information
_uhttp://www.loc.gov/catdir/enhancements/fy0742/2006036366-b.html
906 _a7
_bcbc
_corignew
_d1
_eecip
_f20
_gy-gencatlg
925 0 _aacquire
_b1 shelf copies
_xpolicy default
955 _esb21 2006-11-01 to Dewey
_fsh42 2007-07-03
_gsh42 2007-07-03 to BCCD (Telework)
001 data
999 _c474
_d474